La Presse catalane dépuis 1641 jusqu'a 1937 / essai d'index par Joan Torrent, avec la collaboration de Francesc Carbonell, Josep Montfort et Rafael Bori, journalistes
Descripción Física:
166 p. : il. ; 22 cm
Materias:
Premsa -- Catalunya -- 1641/1937
MARC
| LEADER | 00000nam a2200000Ia 4500 | ||
|---|---|---|---|
| 001 | 9274 | ||
| 008 | 160829s1937 xx 000 0 cat d | ||
| 080 | |a O-1-75 | ||
| 100 | |a Torrent, Joan |9 26549 | ||
| 245 | |a La Presse catalane dépuis 1641 jusqu'a 1937 / essai d'index par Joan Torrent, avec la collaboration de Francesc Carbonell, Josep Montfort et Rafael Bori, journalistes | ||
| 260 | |a Barcelona : |b Generalitat de Catalunya, Comissariat de Propaganda, |c 1937 | ||
| 300 | |a 166 p. : |b il. ; |c 22 cm | ||
| 590 | |a A peu de coberta: Agrupació Professional de Periodistes : Barcelona. Palais International de la Presse - Exposition de Paris. | ||
| 650 | |a Premsa |x Catalunya |x 1641/1937 |9 26550 | ||
| 700 | |a Carbonell, Francesc |9 26548 | ||
| 700 | |a Montfort, Josep |9 26551 | ||
| 700 | 1 | |a Bori, Rafael |9 26552 | |
| 710 | 1 | |a Catalunya. |b Comissariat de Propaganda |9 56414 | |
| 901 | |a Arxiu | ||
| 942 | |n 1 | ||
| 952 | |0 0 |1 0 |4 0 |6 O175 |7 1 |9 44055 |a Arxiu |b Arxiu |d 2016-12-01 |l 0 |o O-1-75 |p 9274 |r 2016-12-01 00:00:00 |w 2016-12-01 |y ARXIU | ||
| 999 | |c 46635 |d 46635 | ||